Music Quiz

Random Music or The Beatles Quiz

Traveling Wilburys Members Quiz Stats

 Plays Quiz Updated Jan 27, 2014

Support Sporcle.
Go Orange.
Score 0/5 Timer 01:00
0 Plays Today
Pseudonym Real Artist % Correct
Charlie T. Wilbury, Jr.Tom Petty
89%
Nelson WilburyGeorge Harrison
88.4%
Lefty WilburyRoy Orbison
86%
Lucky WilburyBob Dylan
81.8%
Otis WilburyJeff Lynne
61.3%

From the Vault

Close-Up Movie Posters II

by beforever

Movies 5m
Don't worry, this is nothing at all like sitting in the front row of the movie theater.
Remove Ads.
Support Sporcle.
Get the best of Sporcle when you Go Orange. This ad-free experience offers more features, more stats, and more fun while also helping to support Sporcle. Thank you for becoming a member.

Show Comments

Extras

Top Quizzes Today


Score Distribution

Your Account Isn't Verified!

In order to create a playlist on Sporcle, you need to verify the email address you used during registration. Go to your Sporcle Settings to finish the process.

Report this User

Report this user for behavior that violates our Community Guidelines.

Details: